Religion Quiz

Random Religion or Art Quiz

Paint The Last Supper Quiz Stats

 Plays Quiz Updated Oct 26, 2018

Score 0/132 Timer 05:00
13 Plays Today
% Correct
Jesus
99.1%
Jesus
99.1%
Jesus
99.1%
Jesus
99.1%
Jesus
99.1%
Jesus
99.1%
Jesus
99.1%
Jesus
99.1%
Jesus
99.1%
Jesus
99.1%
Jesus
99.1%
Jesus
99.1%
Jesus
99.1%
Jesus
99.1%
Jesus
99.1%
Jesus
99.1%
Judas Iscariot
89.4%
Judas Iscariot
89.4%
Judas Iscariot
89.4%
Judas Iscariot
89.4%
Judas Iscariot
89.4%
Judas Iscariot
89.4%
Judas Iscariot
89.4%
Judas Iscariot
89.4%
Judas Iscariot
89.4%
Judas Iscariot
89.4%
Judas Iscariot
89.4%
Peter
87%
Peter
87%
Peter
87%
Peter
87%
Peter
87%
Peter
87%
John
86.3%
John
86.3%
John
86.3%
John
86.3%
John
86.3%
John
86.3%
John
86.3%
John
86.3%
John
86.3%
John
86.3%
John
86.3%
% Correct
John
86.3%
Matthew
75.4%
Matthew
75.4%
Matthew
75.4%
Matthew
75.4%
Matthew
75.4%
Matthew
75.4%
Matthew
75.4%
Matthew
75.4%
Matthew
75.4%
Matthew
75.4%
Matthew
75.4%
Matthew
75.4%
Simon
62.9%
Simon
62.9%
Simon
62.9%
Simon
62.9%
Simon
62.9%
Simon
62.9%
Simon
62.9%
Simon
62.9%
Simon
62.9%
Simon
62.9%
James the Greater
61.1%
James the Greater
61.1%
James the Greater
61.1%
James the Greater
61.1%
James the Greater
61.1%
James the Greater
61.1%
James the Greater
61.1%
James the Greater
61.1%
James the Greater
61.1%
James the Less
61.1%
James the Less
61.1%
James the Less
61.1%
James the Less
61.1%
James the Less
61.1%
James the Less
61.1%
James the Less
61.1%
James the Less
61.1%
James the Less
61.1%
Thomas
61%
Thomas
61%
Thomas
61%
% Correct
Thomas
61%
Thomas
61%
Thomas
61%
Thomas
61%
Thomas
61%
Thomas
61%
Andrew
52.7%
Andrew
52.7%
Andrew
52.7%
Andrew
52.7%
Andrew
52.7%
Andrew
52.7%
Andrew
52.7%
Bartholomew
45.6%
Bartholomew
45.6%
Bartholomew
45.6%
Bartholomew
45.6%
Bartholomew
45.6%
Bartholomew
45.6%
Bartholomew
45.6%
Bartholomew
45.6%
Bartholomew
45.3%
Jude
40%
Jude
40%
Jude
40%
Jude
40%
Jude
40%
Jude
40%
Jude
40%
Jude
40%
Jude
40%
Jude
40%
Philip
33.3%
Philip
33.3%
Philip
33.3%
Philip
33.3%
Philip
33.3%
Philip
33.3%
Philip
33.3%
Philip
33.3%
Philip
33.3%
Philip
33.3%
Philip
33.3%
Philip
33.3%

You're not logged in!

Compare scores with friends on all Sporcle quizzes.
OR
Log In

Sporcle TV

Today on Sporcle TV


Watch our educational content, quiz creation guides, and fun videos on Sporcle TV.

Show Comments

Extras

Top Quizzes Today


Score Distribution

Your Account Isn't Verified!

In order to create a playlist on Sporcle, you need to verify the email address you used during registration. Go to your Sporcle Settings to finish the process.

Report this User

Report this user for behavior that violates our Community Guidelines.

Details: